000 03182nam1a2200421 4500
001 RU\NLR\BIBL_A\022042174
005 20260408075408.0
010 _a9785398029352
_bобщ.
035 _a(RuMoRGB)012096923
035 _a(NLR Aleph) 022042174
090 _a12572679
_c12572679
100 _a20231005g20239999k y0rusy50 ca
101 0 _arus
102 _aRU
105 _a z
181 0 _ai3
_baxxe
182 0 _an
200 1 _aАнализ риска здоровью - 2023
_eматериалы XIII Всероссийской научно-практической конференции с международным участием (Пермь, 17-19 мая 2023 г.)
_eсовместно с Международной встречей по окружающей среде и здоровью RISE-2023
_eв двух томах
_fФедеральная служба по надзору в сфере защиты прав потребителей и благополучия человека [и др.]
_gпод редакцией профессора А. Ю. Поповой, академика РАН Н. В. Зайцевой
203 _aТекст
_bвизуальный
_cнепосредственный
210 _aПермь
_cИзд-во Пермского национального исследовательского политехнического университета
_d2023
215 _d25
300 _aНа тит. с.: Десятилетию науки и технологий в России посвящается
333 _a16+
606 1 _aЗдоровье
_jСъезды, совещания и т.п
_xРиск
_xАнализ
_92260845
_3RU\NLR\AUTH\6601585424
606 1 _aСанитарно-эпидемиологический надзор
_jСъезды, совещания и т.п
_91073400
_3RU\NLR\AUTH\6699799
606 1 _aПрофессиональный риск
_jСъезды, совещания и т.п
_xОценка
_92233903
_3RU\NLR\AUTH\6601572841
686 1 _aР11(0)0я431
686 1 _aР124.4я431(2)
686 1 _aР11(0)1я431
702 1 _4340
_7ca
_8rus
_aПопова
_bА. Ю.
_cд-р мед. наук, гос. деятель
_f1960-
_gАнна Юрьевна
_9138869
_3RU\NLR\AUTH\770138904
711 1 2 _a"Анализ риска здоровью - 2023", всероссийская научно-практическая конференция с международным участием
_d13
_eПермь
_9862873
_3RU\NLR\AUTH\880598962
711 1 2 _7ba
_7ca
_a"RISE-2023", международная встреча по окружающей среде и здоровью
_eПермь
_9862877
_3RU\NLR\AUTH\880598964
712 0 1 _4557
_aРоссийская Федерация
_bФедеральная служба по надзору в сфере защиты прав потребителей и благополучия человека
_3RU\NLR\AUTH\8810073282
_9648640
852 _aNLR
_j2023-7/5425
942 _cBOOK